the process on funtion of association rice bank management of farmer in pouy cha commune phnom penh srok district, banteay meanchey province ដំណើការគ្រប់គ្រងសមាគមធនាគារស្រូវរបស់ប្រជាកសិករនៅក្នុងឃុំ​ប៉ោងចារ​ ស្រុកភ្នំស្រុក ខេត្តបន្ទាយមានជ័យ (Record no. 18413)

000 -LEADER
fixed length control field 00816nam a22001337a 4500
040 ## - CATALOGING SOURCE
Transcribing agency RUA
082 ## - DEWEY DECIMAL CLASSIFICATION NUMBER
Classification number AED PAL 2016 B650 Or.1
100 ## - MAIN ENTRY--AUTHOR NAME
Personal name PALL SONITA ប៉ាល់ សុនីតា
245 ## - TITLE STATEMENT
Title the process on funtion of association rice bank management of farmer in pouy cha commune phnom penh srok district, banteay meanchey province ដំណើការគ្រប់គ្រងសមាគមធនាគារស្រូវរបស់ប្រជាកសិករនៅក្នុងឃុំ​ប៉ោងចារ​ ស្រុកភ្នំស្រុក ខេត្តបន្ទាយមានជ័យ
260 ## - PUBLICATION, DISTRIBUTION, ETC. (IMPRINT)
Place of publication RUA
Name of publisher Phnom penh
Year of publication 2016
300 ## - PHYSICAL DESCRIPTION
Number of Pages x;40p
Other physical details ill;
Dimensions 29cm
856 ## - ELECTRONIC LOCATION AND ACCESS
Uniform Resource Identifier https://drive.google.com/file/d/1gSe1y-NHJWDEjDOJ-utIHxiiiePncpmD/view?usp=sharing
942 ## - ADDED ENTRY ELEMENTS (KOHA)
Koha item type AED
952 ## - LOCATION AND ITEM INFORMATION (KOHA)
Withdrawn status [LOCAL, KOHA] 0
952 ## - LOCATION AND ITEM INFORMATION (KOHA)
Withdrawn status [LOCAL, KOHA] 0
952 ## - LOCATION AND ITEM INFORMATION (KOHA)
Withdrawn status [LOCAL, KOHA] 0
952 ## - LOCATION AND ITEM INFORMATION (KOHA)
Withdrawn status [LOCAL, KOHA] 0
952 ## - LOCATION AND ITEM INFORMATION (KOHA)
Withdrawn status [LOCAL, KOHA] 0
952 ## - LOCATION AND ITEM INFORMATION (KOHA)
Withdrawn status [LOCAL, KOHA] 0
Holdings
Permanent Location Date acquired Koha item type Lost status Shelving location Barcode Current Location Full call number
Library Block B2019-11-19AED B650A43820Library Block BAED PAL 2016 B650 Or.1
Library Block B2019-11-19AED B650A42430Library Block BAED PAL 2016 B650 Or.2
Library Block B2019-11-19AED B650A44135Library Block BAED PAL 2016 B650 Or.3
Library Block B2019-11-19AED B650A44275Library Block BAED PAL 2016 B650 Or.4
Library Block B2019-11-19AED B650A42774Library Block BAED PAL 2016 B650 Or.5
Library Block B2019-11-19AED B650A43818Library Block BAED PAL 2016 B650 Or.6
មជ្ឈមណ្ឌលឯការនៃសាកលវិទ្យាល័យភូមិន្ទកសិកម្មចំការដូង

Powered by Koha